000 01671nam a22002897a 4500
999 _c8040
_d8040
005 20251125232817.0
008 s2540 th tha d
020 _a9747137305
040 _aNALT
041 _atha
050 _aHM881 ช892ข 2540
100 0 _aไชยรัตน์ เจริญสินโอฬาร
245 1 0 _aขบวนการเคลื่อนไหวทางสังคมรูปแบบใหม่/ขบวนการเคลื่อนไหวประชาสังคมในต่างประเทศ : บทสำรวจพัฒนาการสถานภาพและนัยยะเชิงความคิด/ทฤษฎีต่อการพัฒนาประชาธิปไตย
260 3 _aกรุงเทพฯ :
_bศูนย์วิจัยและผลิตตำรา มหาวิทยาลัยเกริก,
_c2540
300 _a103 หน้า :
_bภาพประกอบ ;
_c 21 ซม.
650 0 4 _aประชาธิปไตย
650 0 4 _aการเคลื่อนไหวทางสังคม -- ไทย
650 0 4 _aขบวนการสังคม -- ไทย
650 0 4 _aการเคลื่อนไหวทางการเมือง
650 0 4 _aประชาสังคม
650 0 4 _aเอิร์ธเฟิร์ส
650 0 4 _aโซลิดาริตี้
850 _aNALT
856 4 0 _uhttps://hdl.handle.net/20.500.14156/336612
_71
942 _cGB
_2lcc
_01
998 _j2118
_k นางสาววิภาวรรณ เส็งจีน